| 000 | 01394nam a2200193 a 4500 | ||
|---|---|---|---|
| 001 | 000048282 | ||
| 005 | 20201002061037.0 | ||
| 008 | 181212s2004 dr ad 000 0 spa d | ||
| 040 |
_aDO-SdBNP _bspa _cBNPHU |
||
| 082 |
_axx _bxx |
||
| 245 | 0 | 0 |
_aEstudio sobre el comercio fronterizo entre República Dominicana y la República de Haití : _bpropuesta para la formalización y humanización del mercado binacional de República de Haití y República Dominicana / _cdirector Eddy Martínez Manzueta. |
| 260 |
_aSanto Domingo : _bCentro de Exportación e Inversión de la República Dominicana, _c[200. |
||
| 300 |
_a204 p. : _bil., retrs., gráf. |
||
| 504 | _aBibliografía : p. 203-204 | ||
| 505 |
_aIntroducción -- _tInforme general de Haití -- _tPrincipales puertos -- _tComportamiento del comercio de Haití -- _tPrincipales productos comerciales -- _tExportaciones dominicanas hacia Haití, por puerto de salida -- _tLa frontera y sus condiciones generales -- _tAnálisis del mercado fronterizo -- _tCaraterísticas de la demanda -- _tOportunidades del Mercado haitiano -- _tCondiciones de accesoal mercado fronterizo -- _tResultados de encuesta aplicada en mercado binacional fronterizos -- _tConclusiones y recomendaciones |
||
| 590 | _aInventariado, 2019/VM | ||
| 700 |
_aMartínez Manzueta, Eddy _edir. _975709 |
||
| 710 | 2 |
_aCentro de Exportación e Inversión de la República Dominicana _975710 |
|
| 999 |
_c47770 _d47770 |
||